NFL music - Statistics

General Stats
  • This quiz has been taken 6 times
  • The average score is 3 of 10
Answer Stats
Band / artist Song % Correct
Elton John Philadelphia Freedom
100%
Nirvana Frances Farmer Will Have Her Revenge on Seattle
60%
Tony Bennett I Left My Heart In San Francisco
40%
U2 Miami
40%
Eyehategod New Orleans is the New Vietnam
40%
Manic Street Preachers Tennessee
40%
Smokey Robinson & The Miracles I Care About Detroit
0%
The Bee Gees Living In Chicago
0%
Gram Parsons Streets of Baltimore
0%
ZZ Top Viva Las Vegas
0%
No matching quizzes found
Score Distribution
Percent of People with Each Score
Percentile by Number Answered
Your Score History
You have not taken this quiz